000 00256nam a2200109Ia 4500
999 _c8404
_d8404
020 _a978-0256090055
100 _aWalker Boyd
245 0 _aMarketing Strategy planning and implementation
260 _aUSA
_bMcGraw Hill
_c1994
300 _a521
942 _cBK